| 000 | 00373nam a22001337a 4500 | ||
|---|---|---|---|
| 999 |
_c7833 _d7833 |
||
| 003 | OSt | ||
| 005 | 20200526121215.0 | ||
| 008 | 200526b ||||| |||| 00| 0 eng d | ||
| 020 | _a9781446207888 | ||
| 082 | _a300.72EMM | ||
| 245 |
_aResearching the visual / _bimages, objects, contexts and interactions in social and cultural inquiry |
||
| 260 |
_aLondon _bSage |
||
| 942 | _2ddc | ||